000 01756 a2200253 4500
003 UA-OsUOA
005 20220502111119.0
008 200914b un ||||| |||| 00| 0 ukr d
020 _a9789662347265
040 _aUA-OsUOA
_bukr
_cUA-OsUOA
_dUA-OsUOA
041 _aukr
080 _a226.2
090 _a226.2
_bП27
245 _aПересопницьке Євангеліє від Матвія
_cуклад. Микола Федоришин
260 _bХарват Олександр Миколайович
_c2017
_aПересопниця
300 _a220 с.
500 _aРеформації 500 років присвячується
520 _aУ книзі відтворене Євангеліє від Матвія з Пересопницького Євангелія, визначної пам'ятки національного Ренесансу та Європейської Реформації. Рукопис створений архімадритом Пересопницького монастиря Григорієм, писарем Михайлом Васильовичем та його учнем у Заславському та Пересопницькому монастирях (1556-1561 рр.) з ініціативи княгині Анастасії Заславської. Одним із першим перекладів Євангелія із староболгарської на руську (староукраїнську) мову.
650 _2UDC
_a226 Частина Біблії
700 1 _aФедоришин М.
_eуклад.
942 _cBK
_2udc
955 _a1
999 _c463287
_d463287